000 00331nam a2200121Ia 4500
008 231228s1998 xx 000 0 und d
041 _aeng
082 _bGOR
100 _aGORGANI (K)
245 _aOfficial Advanced Power Builder 6 : The Definitive Guide
260 _aMoscow
_bMoscow Progress Pub. B
_c1998
300 _aXXIV,612
999 _c1084588
_d1084588